000
00271nam a2200097Ia 4500
001
1099391
005
20250827003132.0
008
250824s9999 xx 000 0 und d
245
0
_a
HERŞEY HAKİKATI GÖRMEKLE BAŞLAR
_c
BÜLENT GARDİYANOĞLU
260
_b
DESTEK YAYINLARI
999
_c
1099391
_d
1099391